Kořenové čistírny Přírodní čištění a recyklace vody

Saved in:
Bibliographic Details
Main Author Šperling, Michal
Format Electronic eBook
LanguageCzech
Published Grada 2026
Edition1. elektronické vydání
Subjects
Online AccessDostupné v BOOKPORT po přihlášení pomocí eduID
ISBN978-80-271-6528-5
978-80-271-5869-0
Physical Description1 online zdroj (192 stran)

Cover

LEADER 00000nam a2200000 i 4500
001 bkp14959
003 CZ-prgp
005 20260522152317.0
006 m o d
007 cr cn
008 260522s2026 xr o 000 0 cze
020 |a 978-80-271-6528-5  |c 339 Kč  |q (online ; pdf) 
020 |a 978-80-271-5869-0  |c 399 Kč  |q (print) 
040 |a Grada  |b cze  |e rda 
100 1 |a Šperling, Michal 
245 1 0 |a Kořenové čistírny  |b Přírodní čištění a recyklace vody  |c Michal Šperling 
250 |a 1. elektronické vydání 
264 1 |b Grada  |c 2026 
300 |a 1 online zdroj (192 stran) 
336 |a text  |b txt  |2 rdacontent 
337 |a počítač  |b c  |2 rdamedia 
338 |a online zdroj  |b cr  |2 rdacarrier 
520 3 |a Voda je esencí života. Bez ní by neexistovala krajina, příroda ani člověk. Přesto k ní lidstvo dlouho přistupovalo jako k samozřejmosti a odpadní voda byla vnímána jako problém, který je třeba rychle odvést pryč. Jenže voda, kterou jsme jednou použili, nemusí být ztracená. Lze ji vrátit zpět do koloběhu jako součást naší udržitelné budoucnosti. 
650 0 4 |a Přírodní vědy 
856 4 0 |u https://www.bookport.cz/AccountSaml/SignIn/?idp=https://shibboleth.utb.cz/idp/shibboleth&returnUrl=/kniha/korenove-cistirny-16103/  |y Dostupné v BOOKPORT po přihlášení pomocí eduID